Państwa jedzące najwięcej wieprzowiny na osobę - Statystyki

Ogólne statystyki
  • Ten quiz został rozwiązany 8 531 razy
    1 787 od ostatniego zresetowania
  • Średni wynik to 13 z 20
Statystyki odpowiedzi
kg na osobę Państwo % Poprawnych
54,1 Polska
98%
44,3 Niemcy
94%
45,3 Czechy
85%
38,9 Słowacja
83%
51,9 Hiszpania
76%
35,7 Chiny
75%
48,3 Litwa
74%
38,2 Łotwa
73%
45,5 Austria
72%
37,7 Estonia
72%
47,9 Węgry
71%
38,4 Białoruś
66%
49,7 Chorwacja
66%
37,7 Portugalia
66%
44,3 Serbia
65%
43,2 Czarnogóra
41%
38 Korea Południowa
37%
38,5 Wietnam
30%
38,3 Tajwan
19%
35,9 Cypr
16%
Nie znaleziono quizów pasujących do podanych kryteriów
Rozkład punktacji
Procent ludzi z każdym wynikiem
Percentyl według liczby udzielonych odpowiedzi
Twoja historia wyników
Nie rozwiązałeś tego quizu od ostatniego zresetowania